000 00281nam a22001217a 4500
020 _aIS 14525
041 _aENG
245 _aForestry Tools - Seed Plucker - Specification
260 _aNew Delhi
_bBIS
_c1998
300 _a02
650 _aBIS Tist Code
856 _uBIS Tist Code
999 _c2146
_d2146